00680nam a22001937a 450000500170000001000150001702000260003203500130005803700130007110000140008424500750009826000360017327000700020930000250027950000190030494200170032399900170034095201290035720140507102735.0 aENG-109831 a9789381904732c880.00 aEN-93364 bDBAD/PUB aJha, U.C.00aDrone wars :cby U.C. Jhabethical, legal and strategic implications / aNew DelhibKW Publishers c2014 a4676/21, First Floor, Ansari Road, Daryaganj, bNew Delhie110002 axvii,284p.c23cm(Hb) aIncludes index 2ddccENmJHA c83857d83857 001040718NFICaDBADbDBADd2014-04-29eDBAD/PUBg880.00l0oJHApEN-93364r2014-04-29 00:00:00t1v880.00w2014-04-29yEN